000 00864cam a22002897a 4500
003 CHAP
005 20220329141345.0
008 971013s1986 nyu r 00010 eng d
010 _a66967
011 _a67939
035 _a77411
040 _cCHAP
082 0 4 _a423.1
_bA2 1986
245 0 0 _aAbbreviations dictionary
250 _a7 ed.
260 _aNew York :
_bElsevier,
_c1986
300 _a1240 p.
590 _aBATCH-UPD
_b10
_c20130110
_lUCH01
_h0422
590 _aBATCH-UPD
_b10
_c20130410
_lUCH01
_h0057
590 _aBATCH-UPD
_b10
_c20130913
_lUCH01
_h1843
590 _aCONVERSION
_b10
_c20130109
_lUCH01
_h1337
650 1 4 _aAbreviaturas
_xDiccionarios.
_9325
650 1 4 _aInstituciones científicas
_xSiglas.
_958979
901 _aBK
942 _cLIBRO
949 _a423.1 A2 1986
_bBC
_cC
_d33724000617635
_eC
_gI.136183
_h70768
_i77411
_mDirecto
_si
_t48.17
999 _c66967
_d66967